000
00267nam a22001097a 4500
008
140526t xxu||||| |||| 00| 0 eng d
020
_a
81-7035-474-9
100
_a
L.V. Gangawane
_9
878
245
_a
Sustainable Environmental Management
300
_a
277
942
_2
ddc
_c
BK
999
_c
17119
_d
17119